000 00762nas a2200277 4500
001 BR0102097
003 BR-BrBNA
005 20231205102228.0
007 ta
008 230509b bl.|||p| |||| 00| 00por d
040 _aBR-BrBNA
_bpor
_cBiblioteca Nacional de Agricultura
041 _a(Pt)
072 _aL74
100 1 _aSantin, E.
100 1 _aMaiorka, A.
100 1 _aZanella, I.
100 1 _aMagon, L.
245 1 _aMicotoxinas do Fusarium spp na avicultura comercial
650 _aAve Domestica
650 _aFusariose
650 _aMicotoxina
650 _aFungo
773 0 _tCiencia Rural (Brazil)
_xISSN 0103-8478
_g(Jan-Feb 2001), v. 31(1) p. 185-190
_wBR0102097
909 _a202311
_bLúcia
_c55
_dLúcia Elande
942 _2AGRIS
_n0
_cANA
999 _c166425
_d166425